LEADER 01256nam a2200361 i 4500 001 991000978679707536 005 20020507181000.0 008 961120s1977 de ||| | eng 020 $a3540084339 035 $ab10784093-39ule_inst 035 $aLE01305192$9ExL 040 $aDip.to Matematica$beng 082 0 $a516.36 084 $aAMS 53-00 084 $aAMS 53A05 084 $aAMS 53A20 100 1 $aJensen, Gary R.$048016 245 10$aHigher order contact of submanifolds of homogeneous spaces /$cGary R. Jensen 260 $aBerlin :$bSpringer-Verlag,$c1977 300 $axii, 154 p. ;$c25 cm. 490 0 $aLecture notes in mathematics,$x0075-8434 ;$v610 500 $aBibliography: p. 151. 500 $aIncludes index 650 0$aHomogeneous spaces 650 0$aProjective differential geometry 650 0$aSubmanifolds 650 0$aSurfaces in Euclidean space 907 $a.b10784093$b23-02-17$c28-06-02 912 $a991000978679707536 945 $aLE013 53A JEN11 (1977)$g1$i2013000067636$lle013$o-$pE0.00$q-$rl$s- $t0$u3$v0$w3$x0$y.i10884014$z28-06-02 996 $aHigher order contact of submanifolds of homogeneous spaces$980822 997 $aUNISALENTO 998 $ale013$b01-01-96$cm$da $e-$feng$gde $h0$i1 LEADER 02976oam 2200481 450 001 9910299733203321 005 20190911112728.0 010 $a981-4451-60-6 024 7 $a10.1007/978-981-4451-60-4 035 $a(OCoLC)859590123 035 $a(MiFhGG)GVRL6YNC 035 $a(EXLCZ)992670000000425128 100 $a20130719d2014 uy 0 101 0 $aeng 135 $aurun|---uuuua 181 $ctxt 182 $cc 183 $acr 200 10$aInteractive segmentation techniques $ealgorithms and performance evaluation /$fJia He, Chang-Su Kim, C.-C. Jay Kuo 205 $a1st ed. 2014. 210 1$aSingapore :$cSpringer,$d2014. 215 $a1 online resource (x, 76 pages) $cillustrations (some color) 225 1 $aSpringerBriefs in Signal Processing,$x2196-4076 300 $a"ISSN: 2196-4076." 311 $a981-4451-59-2 320 $aIncludes bibliographical references. 327 $aIntroduction -- Overview and classification of interactive segmentation methods -- Interactive segmentation algorithms -- Performance evaluation -- Conclusion and future work. 330 $aThis book focuses on interactive segmentation techniques, which have been extensively studied in recent decades. Interactive segmentation emphasizes clear extraction of objects of interest, whose locations are roughly indicated by human interactions based on high level perception. This book will first introduce classic graph-cut segmentation algorithms and then discuss state-of-the-art techniques, including graph matching methods, region merging and label propagation, clustering methods, and segmentation methods based on edge detection. A comparative analysis of these methods will be provided with quantitative and qualitative performance evaluation, which will be illustrated using natural and synthetic images. Also, extensive statistical performance comparisons will be made. Pros and cons of these interactive segmentation methods will be pointed out, and their applications will be discussed. There have been only a few surveys on interactive segmentation techniques, and those surveys do not cover recent state-of-the art techniques. By providing comprehensive up-to-date survey on the fast developing topic and the performance evaluation, this book can help readers learn interactive segmentation techniques quickly and thoroughly. 410 0$aSpringerBriefs in electrical and computer engineering.$pSignal processing. 606 $aImage processing$xDigital techniques 606 $aImage analysis 615 0$aImage processing$xDigital techniques. 615 0$aImage analysis. 676 $a621.367 700 $aHe$b Jia$4aut$4http://id.loc.gov/vocabulary/relators/aut$0771316 702 $aKim$b Chang-Su 702 $aKuo$b C.-C. Jay$g(Chung-Chieh Jay), 801 0$bMiFhGG 801 1$bMiFhGG 906 $aBOOK 912 $a9910299733203321 996 $aInteractive Segmentation Techniques$92169639 997 $aUNINA